000
00269nam a2200121Ia 4500
008
231129s9999||||xx |||||||||||||| ||spa||
040
_b
spa
082
_a
712.5 i24j
100
_a
Igoa Jose Maria
245
0
_a
Jardines
264
_a
Ediciones Ceac
942
_2
ddc
_c
BKS
999
_c
16081
_d
16081